000
00221 a2200097 4500
001
42825
100
_a
Russel B
245
_a
The problems of philosophy
260
_a
London
_b
Oxford Univ press
_c
090
_c
26715
_d
26715
942
_a
NUST-CAE
_c
M
_c
18575
999
_c
277898
_d
277898